Born in Louisiana Quiz Stats

Quiz Updated Aug 15, 2016

Also try: Born in Florida
Challenge
Share
Tweet
Score 0/18 Timer 04:00
7 Plays Today
% Correct
Ellen Degeneres
94.9%
Reese Witherspoon
81.2%
Peyton Manning
75%
Richard Simmons
69.7%
Louis Armstrong
69%
Randy Jackson
65.7%
Lil Wayne
62.7%
Jared Leto
61.1%
Terry Bradshaw
56.7%
% Correct
Lee Harvey Oswald
56.4%
Harry Connick, Jr.
53.9%
Tim McGraw
52.1%
Tyler Perry
45.9%
Karl Malone
45.8%
Truman Capote
38.2%
Fats Domino
25.1%
Anne Rice
15.8%
Quvenzhané Wallis
10.7%

You're not logged in!

Compare scores with friends on all Sporcle quizzes.
Sign Up with Email
OR
Log In

You Might Also Like...

Show Comments

Extras

Top Quizzes Today


Score Distribution

Your Account Isn't Verified!

In order to create a playlist on Sporcle, you need to verify the email address you used during registration. Go to your Sporcle Settings to finish the process.